PSE Quiz - Massenzahl in der Reihenfolge - Statistiken

Allgemein
  • Dieses Quiz wurde 77 mal gespielt
  • Das Durchschnittsergebnis liegt bei 19 aus 36
Antwortstatistiken
# Sym Element % Korrekt
1 H 1
98%
2 He 4
82%
3 Li 7
71%
4 Be 9
68%
8 O 16
66%
5 B 11
65%
6 C 12
65%
7 N 14
65%
9 F 19
65%
10 Ne 20
65%
11 Na 23
65%
12 Mg 24
65%
13 Al 27
65%
14 Si 28
65%
15 P 31
65%
16 S 32
62%
17 Cl 36
60%
18 Ar 40
58%
19 K 39
43%
20 Ca 40
43%
21 Sc 45
43%
22 Ti 48
43%
23 V 51
42%
24 Cr 52
40%
25 Mn 55
40%
26 Fe 56
40%
27 Co 59
40%
28 Ni 59
40%
29 Cu 64
40%
30 Zn 65
38%
31 Ga 70
38%
32 Ge 73
38%
33 As 75
38%
34 Se 79
38%
35 Br 80
38%
36 Kr 84
38%
Keine übereinstimmenden Quizze gefunden
Verteilung der Resultate
Anzahl Personen mit jedem Resultat
Perzentil nach korrekt beantworteten Fragen
Ihre Resultats-Entwicklung
Sie haben dieses Quiz noch nicht gespielt